000 00640nam a22002297a 4500
003 UA-OsUOA
001 99219
007 ta
008 20130425b un ||||| |||| 00| 0 ukr d
100 _aСетон-Томсон Э.
090 _a821.111 (71)
_bС33
942 _cBK
040 _aUA-OsUOA
_brus
_cUA-OsUOA
_dUA-OsUOA
245 _aРассказы о животных
_bрассказы о животных
300 _a320 с.
955 _a3
041 _arus
080 _a821.111 (71)
260 _aМ.
_bПравда
_c1983
650 7 _a82 Література. Літературознавство
_2UDC
999 _c385331
_d385331